Consecuencias en los trastornos mentales causados por el SARS-CoV-2 en los estudiantes de tecnología en atención prehospitalaria, durante la pandemia en el período 2022 / (Registro nro. 2900)
[ vista simple ]
| 000 -LEADER | |
|---|---|
| fixed length control field | 02580nam a2200313 i 4500 |
| 001 - CONTROL NUMBER | |
| control field | 0000076145 |
| 005 - DATE AND TIME OF LATEST TRANSACTION | |
| control field | 20250329165414.0 |
| 007 - PHYSICAL DESCRIPTION FIXED FIELD--GENERAL INFORMATION | |
| fixed length control field | ta |
| 008 - FIXED-LENGTH DATA ELEMENTS--GENERAL INFORMATION | |
| fixed length control field | 190415s2022 000 0 eng d |
| 040 ## - CATALOGING SOURCE | |
| Original cataloging agency | CO-CtgCURN |
| Language of cataloging | spa |
| Transcribing agency | coctgcurn |
| Description conventions | rda |
| 082 0# - DEWEY DECIMAL CLASSIFICATION NUMBER | |
| Classification number | APH 2022 |
| Item number | M631 |
| 100 1# - MAIN ENTRY--PERSONAL NAME | |
| Personal name | Mieles del Toro, Sergio Andrés, |
| Relator term | author. |
| Relationship | aut |
| 245 10 - TITLE STATEMENT | |
| Title | Consecuencias en los trastornos mentales causados por el SARS-CoV-2 en los estudiantes de tecnología en atención prehospitalaria, durante la pandemia en el período 2022 / |
| Statement of responsibility, etc. | Sergio Andrés Mieles del Toro; Brayan Daniel Olier Jinete; Duván José Morales González; asesor Viviana Herrán Villalba. |
| 260 ## - PUBLICATION, DISTRIBUTION, ETC. | |
| Place of publication, distribution, etc. | Cartagena de Indias : |
| Name of publisher, distributor, etc. | Corporación Universitaria Rafael Núñez, |
| Date of publication, distribution, etc. | 2022. |
| 260 #4 - PUBLICATION, DISTRIBUTION, ETC. | |
| Date of publication, distribution, etc. | ©2022. |
| 300 ## - PHYSICAL DESCRIPTION | |
| Extent | 71 hojas. |
| 336 ## - CONTENT TYPE | |
| Content type term | text |
| Content type code | txt |
| Source | rdacontent |
| 337 ## - MEDIA TYPE | |
| Media type term | unmediated |
| Media type code | n |
| Source | rdamedia |
| 338 ## - CARRIER TYPE | |
| Carrier type term | volume |
| Carrier type code | nc |
| Source | rdacarrier |
| 504 ## - BIBLIOGRAPHY, ETC. NOTE | |
| Bibliography, etc. note | Trabajo de grado (Tecnologo en Atencion Prehospitalaria). Corporación Universitaria Rafael Nuñez. Facultad de Ciencias de la Salud. Tecnologia en Atencion Prehospitalaria, 2022. |
| 520 ## - SUMMARY, ETC. | |
| Summary, etc. | "La pandemia por el virus SARS-CoV-2 ha afectado sustancialmente a toda la población, impactando negativamente múltiples aspectos de la vida humana, en lo físico, psicológico, económico, social y cultural. Esta investigación es descriptiva, ya que se evaluará el efecto negativo causado por la pandemia en la salud mental de los estudiantes, es prácticamente contar con la participación de los Tecnólogos en Atención Pre hospitalaria de primer semestre en delante de la Corporación Universitaria Rafael Núñez (CURN). Para la información se diseñaron autoevaluaciones tomando como ejemplo algunas ya creadas y planteadas por personal de psicología que permite identificar los efectos secundarios que produjo el virus SARS-CoV-2 en la salud mental, clínicas y si han presentado algún riesgo que generó una alteración psicológica enfocada en la depresión; los resultados los podrán saber los mismo dependiendo de las respuestas que estos llenen." |
| 650 14 - SUBJECT ADDED ENTRY--TOPICAL TERM | |
| Topical term or geographic name entry element | Atención prehospitalaria |
| Form subdivision | Tesis y disertaciones academicas. |
| 700 1# - ADDED ENTRY--PERSONAL NAME | |
| Personal name | Morales González, Duván José. |
| 700 1# - ADDED ENTRY--PERSONAL NAME | |
| Personal name | Olier Jinete, Brayan Daniel. |
| 700 1# - ADDED ENTRY--PERSONAL NAME | |
| Personal name | Herrán Villalba, Viviana, |
| Relator term | asesor. |
| 856 ## - ELECTRONIC LOCATION AND ACCESS | |
| Uniform Resource Identifier | <a href="https://unicurn.sharepoint.com/:b:/s/biblioteca/EY-VjkM0PvtFm-dDNRpei8sBfEb8qM-xsJGCRHVQNG_Odg?e=R2rloo">https://unicurn.sharepoint.com/:b:/s/biblioteca/EY-VjkM0PvtFm-dDNRpei8sBfEb8qM-xsJGCRHVQNG_Odg?e=R2rloo</a> |
| Public note | Click para ver el recurso en texto completo |
| 942 ## - ADDED ENTRY ELEMENTS (KOHA) | |
| Source of classification or shelving scheme | Dewey Decimal Classification |
| Koha item type | Trabajos de grado |
| Classification part | APH 2022 |
| Item part | M631 |
| Withdrawn status | Lost status | Source of classification or shelving scheme | Damaged status | Not for loan | Collection | Home library | Current library | Shelving location | Date acquired | Source of acquisition | Cost, normal purchase price | Inventory number | Total checkouts | Full call number | Barcode | Date last seen | Price effective from | Koha item type |
|---|---|---|---|---|---|---|---|---|---|---|---|---|---|---|---|---|---|---|
| Dewey Decimal Classification | Trabajos de grado | Miguel Henríquez Emiliani | Miguel Henríquez Emiliani | Trabajo de grado | 06/01/2019 | El autor | 350000.00 | 021573 | APH 2022 M631 | 021573 | 03/29/2025 | 03/29/2025 | Trabajos de grado |